Statistics for Little house in the Big Woods character quiz

Click here to take the quiz!

General Stats

  • This quiz has been taken 20 times
  • The average score is 8 of 13

Answer Stats

HintAnswer% Correct
The second oldest daughterLaura
100%
The MotherMa
100%
The oldest daughterMary
100%
The FatherPa
100%
The youngest daughterCarrie
83%
The Ingalls's dogJack
78%
The Ingalls's catBlack Susan
56%
She had a wine-colored dressAunt Ruby
39%
She had a dark-blue dressAunt Docia
33%
Grandma of the aboveGrandma
33%
Grandpa of the belowGrandpa
33%
The uncle who plays the bulgeUncle George
28%
The Ingalls's cowSukey
6%

Score Distribution

Percentile by Number Answered

Percent of People with Each Score

Your Score History

You have not taken this quiz